000 00534nam a2200181Ia 4500
005 20250508155600.0
008 008 250505s9999 xx 000 0 eng d
037 _aBooks to be hide in OPAC
040 _aFEDL
_beng
_cFEDL
041 _aeng
_2eng
084 _a614.0954, IND/O
_qFEDL
245 0 _aSummary report of the fourth meeting of the central advisory board of health
245 0 _cGovernment Of India
260 _c1942
300 _a115p.
942 _cHB
_h614.0954, IND/O
999 _c1357981
_d1357981